| 000 | 00385nam a22001571a 4500 | ||
|---|---|---|---|
| 020 | _a9788190689719 | ||
| 082 |
_aH3 _bAJE/S |
||
| 100 | _aAjeem Begh Chughathaye | ||
| 245 |
_aShrimathi Chulbuli/ _cby Ajeem Begh Chughathaye |
||
| 260 |
_aDelhi: _bJanachethan, _c2008. |
||
| 300 | _a87p. | ||
| 650 | _aNovel Hindi | ||
| 650 | _aLiterature Hindi | ||
| 650 | _aLiterature | ||
| 942 | _cBK | ||
| 999 |
_c41951 _d41951 |
||